| 000 | 00632nam a2200217Ia 4500 | ||
|---|---|---|---|
| 003 | BUBTL | ||
| 008 | 151213s9999 xx 000 0 und d | ||
| 020 | _a0582557089 | ||
| 082 | _a418.003/ Ei22l/ 1985 | ||
| 100 |
_aRichards, jack _94641 |
||
| 245 |
_aLongman Dictionary of Applied Linguistics : _cJack Richards, John Platt, Heidi Weber |
||
| 250 | _a1st Edn | ||
| 260 |
_aEngland _bLongman _cc1985 |
||
| 300 |
_a323p, : _b21 cm |
||
| 650 |
_aDictionary _992 |
||
| 650 | _a | ||
| 700 |
_aJack Richards, John Platt, Heidi Weber _94806 |
||
| 856 |
_k0 _l0 _yDownload |
||
| 942 |
_2ddc _cBK |
||
| 999 |
_c3035 _d3035 |
||